000 00371nam a2200133Ia 4500
008 231221s9999 xx 000 0 und d
020 _a978-0-387-44641-7
041 _aEnglish
100 _aZhongzhi Shi, K. Shimohara, D. Feng
245 0 _aIntelligent Information Processing III
260 _c2007
_bSpringer US
_aNew York
650 _aComputer Science
942 _cEB
999 _c218182
_d218182